• 首页
  • 本馆介绍
  • 公告通知
  • 最新文献
  • 馆藏检索
  • 电子资源
  • 读者导购
  • 参考咨询
  • 我的图书馆
  • 登录
  • 详细信息显示
  • 放入我的书架
  • 预约/预借图书
  • 作者相关作品
  • 分类相关作品
  • 丛书相关作品
  • 出版社相关作品

书目信息

  • 表格格式
  • 工作单格式
  • 卡片格式
题名:
质性研究中的访谈
    
 
作者: 塞德曼 著 ;周海涛 主译
分册:  
出版信息: 重庆   重庆大学出版社  2009.01
页数: 16, 181页
开本: 22cm
丛书名: 万卷方法
单 册:
中图分类: G40-034 , C31
科图分类:
主题词: 教育科学--研究方法 , 社会科学--研究方法 , 社会科学 , 教育科学
电子资源:
ISBN: 978-7-5624-4679-8
000 01388oam2 2200361 450
001 0108153910
005 20210308154403.0
010    @a978-7-5624-4679-8@dCNY25.00
100    @a20090506e20192009em y0chiy50 ea
101 1  @achi@ceng
102    @aCN@b500000
105    @ay z 000yy
106    @ar
200 1  @a质性研究中的访谈@Azhi xing yan jiu zhong de fang tan@e教育与社会科学研究者指南@f埃文·塞德曼著@g周海涛主译
210    @a重庆@c重庆大学出版社@d2009.01@h2019.09
215    @a16, 181页@d22cm
225 2  @a万卷方法@i质性研究方法译丛
305    @a由Sage出版公司(英国)授权出版 据原书第3版译
312    @a英文原名:Interviewing as qualitative research: a guide for researchers in education and the social
330    @a本书包括为什么进行访谈、深度的现象学访谈结构、研究计划书:从想法待文本再到行动、建立接触联系渠道并筛选受访者等8章。
461  0 @12001 @a万卷方法
462  0 @12001 @a质性研究方法译丛
510 1  @aInterviewing as qualitative research@ea guide for researchers in education and the social@zeng
606 0  @a教育科学@x研究方法
606 0  @a社会科学@x研究方法
606 0  @a社会科学
606 0  @a教育科学
690    @aG40-034@v5
690    @aC31@v5
701  0 @c(美)@a塞德曼@Asai de man@c(Seidman, Irving)@4著
702  0 @a周海涛@Azhou hai tao@f(1972.12~)@4主译
801  0 @aCN@bBJSZM@c20210308
905    @b1272317-21@dG40-034@e1208@f5
    
    质性研究中的访谈:教育与社会科学研究者指南/埃文·塞德曼著/周海涛主译.-重庆:重庆大学出版社,2009.01(2019.09)
    16, 181页;22cm.-(万卷方法.质性研究方法译丛)
    
    
    ISBN 978-7-5624-4679-8:CNY25.00
    本书包括为什么进行访谈、深度的现象学访谈结构、研究计划书:从想法待文本再到行动、建立接触联系渠道并筛选受访者等8章。
●
相关链接 在E读中查询图书 在五车中查询图书 在当当中查询图书 在豆瓣中查询图书


正题名:质性研究中的访谈     索取号:G40-034/1208         预约/预借

序号 登录号 条形码 馆藏地/架位号 状态 备注
1 1272317   212723178   第一样本阅览室/ [索取号:G40-034/1208] 在馆    
2 1272318   212723187   教育系资料室/ [索取号:G40-034/1208] 在馆    
3 1272319   212723196   教育系资料室/ [索取号:G40-034/1208] 在馆    
4 1272320   212723203   第四借阅区/ [索取号:G40-034/1208] 在馆    
5 1272321   212723212   第四借阅区/ [索取号:G40-034/1208] 在馆    
唐山师范学院图书馆 欢迎您!
大连网信软件有限公司© 版权所有